|
|
|
|
| LEADER |
00825nta a2200193 i 4500 |
| 001 |
dipl124128 |
| 005 |
20220412083406.0 |
| 008 |
220412s2021 hu om 0|| hun d |
| 040 |
|
|
|a SZTE Diploma Repozitórium
|b hun
|
| 041 |
|
|
|a hun
|
| 100 |
2 |
|
|a Pachinger-Molnár Bence
|
| 245 |
1 |
3 |
|a Az 1-es típusú kannabinoid receptor aktivációs mechanizmusának szerkezeti körülményei
|h [elektronikus dokumentum] /
|c Bence Pachinger-Molnár
|
| 246 |
1 |
0 |
|a Structural circumstances of the activation mechanism of the type 1 cannabinoid receptor
|h [elektronikus dokumentum]
|
| 260 |
|
|
|c 2021
|
| 650 |
|
4 |
|a Természettudományok
|
| 650 |
|
4 |
|a Natural sciences
|
| 650 |
|
4 |
|a Biological sciences
|
| 700 |
1 |
|
|a Borics Attila
|e ths
|
| 856 |
4 |
0 |
|u http://diploma.bibl.u-szeged.hu/id/eprint/124128/1/2021_pachinger_molnar_bence_miklos.pdf
|z Dokumentum-elérés
|